Workshop statistics : (Record no. 6906)
[ view plain ]
| 000 -LEADER | |
|---|---|
| fixed length control field | 01709nam a2200169 4500 |
| 020 ## - INTERNATIONAL STANDARD BOOK NUMBER | |
| ISBN | 0387949976 |
| 050 ## - CALL NUMBER | |
| Classification number | QA276.12 |
| Item number | .R71 |
| 100 ## - AUTHOR | |
| Personal name | Rossman, Allan J. |
| 245 ## - TITLE | |
| Title | Workshop statistics : |
| Remainder of title | discovery with data and the graphing calculator |
| Statement of responsibility, etc | Allan J. Rossman & J. Barr von Oehsen |
| 260 ## - PUBLICATION INFORMATION | |
| Place of publication | New York |
| Name of publisher | Springer-Verlag |
| Year of publication | 1997 |
| 300 ## - DESCRIPTION | |
| Number of Pages | xxii, 471p. : |
| Dimensions | 24cm |
| 500 ## - NOTES | |
| General note | Includes index |
| 505 ## - FORMATTED CONTENTS NOTE | |
| Table of Content | Unit 1. Exploring Data: Distributions <br/>Topic 1. Data and Variables I<br/>Topic 2. Data and Variables II<br/>Topic 3. Displaying and Describing Distributions <br/>Topic 4. Measures of Centre<br/>Topic 5. Measures of Spread<br/>Topic 6. Comparing Distributions<br/><br/>Unit II Exploring Data: Relationships <br/>Topic 7. Graphical Displays of Association <br/>Topic 8. Correlation Coefficient<br/>Topic 9. Least Squares Regression I<br/>Topic 10. Least Squares Regression II<br/>Topic 11. Relationships with Categorical Variables <br/><br/>UNIT Randomness<br/>Topic 12. Random Sampling <br/>Topic 13. Sampling Distributions I: Confidence<br/>Topic 14. Sampling Distribution II: Significance <br/>Topic 15. Normal Distributions <br/>Topic 16. Central Limit Theorem <br/><br/>Unit IV Inference From Data: Principles <br/>Topic 17. Confidence Intervals I<br/>Topic 18. Confidence Interval II<br/>Topic 19. Test of Significance I <br/>Topic 20. Test of Significance II<br/><br/>Unit V Inference From Data : Comparisons <br/>Topic 21. Designing Experiments <br/>Topic 22. Comparing Two Proportions I<br/>Topic 23. Comparing Two Proportions II<br/><br/>Unit VI Inference from Data : Measurements<br/>Topic 24. Inference for a Population Mean I<br/>Topic 25. Inference for a Population Mean II<br/>Topic 26. Comparing Two Means <br/><br/> |
| 650 ## - SUBJECTS | |
| Topical Term | Statistics |
| 700 ## - OTHER AUTHORS | |
| Personal name | von Oehsen, J. Barr |
| 942 ## - ADDED ENTRY ELEMENTS (KOHA) | |
| Koha item type | Books |
| Withdrawn status | Lost status | Collection code | Home library | Current library | Shelving location | Date acquired | Full call number | Accession Number | Koha item type |
|---|---|---|---|---|---|---|---|---|---|
| Reference | Methodist University Library Main | Methodist University Library Main | General Stacks | 02/11/2013 | QA276.12 .R71 | 39004 | Books |